[Event "Moscow-ch op Superfinal"]
[Site "Ershovo"]
[Date "2024.02.23"]
[Round "1"]
[White "Hakobyan, Menua"]
[Black "Novozhilov, Semen"]
[Result "0-1"]
[WhiteElo "1995"]
[BlackElo "2272"]
[PlyCount "76"]
[EventDate "2024.02.23"]
[EventType "swiss"]
[EventRounds "10"]
[EventCountry "RUS"]
[SourceTitle "CB10_2024"]
[SourceDate "2024.03.06"]
[SourceVersion "1"]
[SourceVersionDate "2024.03.06"]
[SourceQuality "1"]

1. d4 Nf6 2. Nf3 e6 3. Bf4 c5 4. e3 b6 5. Bd3 Bb7 6. 0-0 Be7 7. h3 0-0 8. c3 Ne4 9. Nbd2 f5 10. Qc2 Nxd2 11. Qxd2 d6 12. Rfe1 g5 13. Bg3 Bxf3 14. gxf3 Nd7 15. d5 e5 16. Qc2 e4 17. Be2 f4 18. exf4 exf3 19. Bd3 gxf4 20. Bxh7+ Kh8 21. Bh2 Ne5 22. Bf5 Rxf5 23. Qxf5 Qg8+ 24. Bg3 fxg3 25. Qh5+ Qh7 26. Rxe5 dxe5 27. Qxe5+ Qg7 28. Qxg7+ Kxg7 29. fxg3 c4 30. Kf2 Rf8 31. b4 Bf6 32. Rc1 b5 33. a3 Rd8 34. Kxf3 Rxd5 35. a4 Rd3+ 36. Ke4 Rxc3 37. Rxc3 Bxc3 38. axb5 Bxb4 0-1

[Event "Titled Tuesday intern op 06th Feb Early"]
[Site "Chess.com INT"]
[Date "2024.02.06"]
[Round "9"]
[White "Novozhilov, Semen"]
[Black "Valle Luis, Leo"]
[Result "1-0"]
[WhiteElo "2272"]
[BlackElo "2252"]
[PlyCount "147"]
[EventDate "2024.02.06"]
[EventType "swiss (blitz)"]
[EventRounds "11"]
[EventCountry "USA"]
[SourceTitle "CB07_2024"]
[SourceDate "2024.02.14"]
[SourceVersion "1"]
[SourceVersionDate "2024.02.14"]
[SourceQuality "1"]

1. d4 Nf6 2. Nf3 e6 3. e3 c5 4. Bd3 Nc6 5. 0-0 d5 6. b3 Be7 7. Bb2 cxd4 8. exd4 0-0 9. a3 Qc7 10. Ne5 Nd7 11. f4 f5 12. Nxd7 Bxd7 13. Nd2 Rae8 14. g3 Bf6 15. Nf3 Qb6 16. Be2 a6 17. Kg2 Rc8 18. Ne5 Nxe5 19. fxe5 Be7 20. Qd2 Qd8 21. c4 Bg5 22. Qd3 Bc6 23. Bf3 Qd7 24. h4 Be7 25. Rac1 Rfd8 26. Rfd1 b5 27. c5 Rf8 28. Rc2 Qc7 29. Bc1 Be8 30. Bf4 h6 31. h5 Bf7 32. Rf1 Qa5 33. b4 Qd8 34. g4 Bg5 35. Bh2 g6 36. gxf5 gxf5 37. Bd1 Qe8 38. Qh3 Kh8 39. Kh1 Rg8 40. Rg2 Qe7 41. a4 bxa4 42. Bxa4 Rb8 43. Rb1 Rg7 44. b5 axb5 45. Rxb5 Ra8 46. Bc2 Be8 47. Rb1 Ra2 48. Rbg1 Qa7 49. Bd1 Rxg2 50. Qxg2 Qa1 51. Qf2 Qc3 52. Rg3 Qc1 53. Qg1 Qd2 54. Rg2 Qd3 55. Be2 Qe4 56. Qf2 Be3 57. Qf3 Qxd4 58. Rxg7 Kxg7 59. Qg3+ Bg5 60. Qa3 Qe4+ 61. Bf3 Qb1+ 62. Kg2 Qc2+ 63. Kh3 Be7 64. Bg1 Qc4 65. Qa7 Qh4+ 66. Kg2 f4 67. Bf2 Qg5+ 68. Kf1 Bc6 69. Qc7 Bb5+ 70. Ke1 Kf7 71. c6 Qf5 72. Bc5 Qb1+ 73. Bd1 Qe4+ 74. Kf2 1-0

[Event "Titled Tuesday intern op 16th Jan Early"]
[Site "Chess.com INT"]
[Date "2024.01.16"]
[Round "9"]
[White "Novozhilov, Semen"]
[Black "Turzo, Attila"]
[Result "1-0"]
[WhiteElo "2272"]
[BlackElo "2278"]
[PlyCount "77"]
[EventDate "2024.01.16"]
[EventType "swiss (blitz)"]
[EventRounds "11"]
[EventCountry "USA"]
[SourceTitle "CB04_2024"]
[SourceDate "2023.10.16"]
[SourceVersion "1"]
[SourceVersionDate "2023.10.16"]
[SourceQuality "1"]

1. d4 d5 2. c4 c6 3. cxd5 cxd5 4. Bg5 Nc6 5. Nc3 h6 6. Bh4 g5 7. Bg3 Bg7 8. e3 Nf6 9. Bd3 a6 10. Nf3 0-0 11. h4 g4 12. Ne5 Qb6 13. a3 Be6 14. Na4 Qd8 15. Nxc6 bxc6 16. h5 Ne4 17. Bf4 Bf5 18. Nc5 g3 19. fxg3 e6 20. 0-0 Nxc5 21. Bxf5 exf5 22. dxc5 Bxb2 23. Ra2 Bg7 24. Bd6 Re8 25. Rxf5 Rxe3 26. Raf2 Ra7 27. Qg4 Re4 28. Qf3 Bd4 29. Kh2 Bxf2 30. Qxf2 Re6 31. Qf4 a5 32. Qg4+ Kh7 33. Be5 Qg8 34. Qf4 a4 35. g4 Rae7 36. g5 hxg5 37. Rxg5 Qf8 38. Qf5+ Kh6 39. Bf4 1-0

[Event "Titled Tuesday intern op 16th Jan Early"]
[Site "Chess.com INT"]
[Date "2024.01.16"]
[Round "4"]
[White "Smieszek, Wojciech"]
[Black "Novozhilov, Semen"]
[Result "1-0"]
[WhiteElo "2118"]
[BlackElo "2272"]
[PlyCount "77"]
[EventDate "2024.01.16"]
[EventType "swiss (blitz)"]
[EventRounds "11"]
[EventCountry "USA"]
[SourceTitle "CB04_2024"]
[SourceDate "2023.10.16"]
[SourceVersion "1"]
[SourceVersionDate "2023.10.16"]
[SourceQuality "1"]

1. e4 c5 2. Nf3 Nc6 3. d4 cxd4 4. Nxd4 Nf6 5. Nc3 d6 6. Be3 Ng4 7. Bb5 Nxe3 8. fxe3 Bd7 9. Bxc6 bxc6 10. 0-0 e6 11. e5 dxe5 12. Qh5 Qe7 13. Qxe5 f6 14. Qe4 Rc8 15. Rad1 g6 16. Qd3 Bg7 17. Qa6 0-0 18. Qxa7 Rfd8 19. Na4 c5 20. Nb6 cxd4 21. Nxc8 Rxc8 22. Rxd4 Rd8 23. Rfd1 Bh6 24. Kf2 f5 25. Rxd7 Qh4+ 26. Kg1 Rf8 27. Qd4 Qh5 28. Qe5 Re8 29. Rd8 Bf8 30. R1d2 Rxd8 31. Qxe6+ Kg7 32. Qe5+ Kg8 33. Rxd8 Qe2 34. h3 Qxc2 35. Qd5+ Kg7 36. Qd4+ Kh6 37. Qh4+ Kg7 38. Rd7+ Kg8 39. Qxh7# 1-0

[Event "Titled Tuesday intern op 09th Jan Early"]
[Site "Chess.com INT"]
[Date "2024.01.09"]
[Round "9"]
[White "Berezin, Viktor1"]
[Black "Novozhilov, Semen"]
[Result "1-0"]
[WhiteElo "2307"]
[BlackElo "2272"]
[PlyCount "123"]
[EventDate "2024.01.09"]
[EventType "swiss (blitz)"]
[EventRounds "11"]
[EventCountry "USA"]
[SourceTitle "CB03_2024"]
[SourceDate "2024.01.17"]
[SourceVersion "1"]
[SourceVersionDate "2024.01.17"]
[SourceQuality "1"]

1. d4 Nf6 2. Nf3 e6 3. g3 d5 4. Bg2 c5 5. c4 cxd4 6. cxd5 Qxd5 7. Qxd4 Nc6 8. Qxd5 exd5 9. 0-0 Bf5 10. Nc3 0-0-0 11. Bg5 d4 12. Nb5 a6 13. Na3 h6 14. Bxf6 gxf6 15. Nc4 Kb8 16. Rac1 Be6 17. a3 h5 18. Rfd1 Bh6 19. e3 Bxc4 20. Rxc4 dxe3 21. Re1 Rhe8 22. fxe3 Rxe3 23. Kf1 Rxe1+ 24. Kxe1 Na5 25. Rc5 b5 26. Rxh5 Bc1 27. a4 Bxb2 28. axb5 Re8+ 29. Kf1 Nc4 30. bxa6 Ne3+ 31. Kg1 Ka7 32. Rb5 Ba3 33. Nd4 Nxg2 34. Kxg2 Kxa6 35. Rf5 Bb2 36. Rxf6+ Kb7 37. Rxf7+ Kb6 38. Nf3 Re2+ 39. Kh3 Kc6 40. Kg4 Kd6 41. h4 Ke6 42. Rf4 Bf6 43. h5 Kf7 44. Ng5+ Kg7 45. Ne4 Be5 46. Kf3 Re1 47. Rf5 Bb8 48. Rb5 Ba7 49. Rb7+ Kh6 50. Rxa7 Kxh5 51. g4+ Kh6 52. Kf4 Rf1+ 53. Ke5 Kg6 54. Ra6+ Kg7 55. g5 Rf8 56. Ng3 Re8+ 57. Kf5 Rf8+ 58. Rf6 Ra8 59. Nh5+ Kh7 60. Rf7+ Kg8 61. Kg6 Ra6+ 62. Nf6+ 1-0

[Event "Titled Tuesday intern op 09th Jan Early"]
[Site "Chess.com INT"]
[Date "2024.01.09"]
[Round "3"]
[White "Dushyant, Sharma"]
[Black "Novozhilov, Semen"]
[Result "1-0"]
[WhiteElo "2357"]
[BlackElo "2272"]
[PlyCount "103"]
[EventDate "2024.01.09"]
[EventType "swiss (blitz)"]
[EventRounds "11"]
[EventCountry "USA"]
[SourceTitle "CB03_2024"]
[SourceDate "2024.01.17"]
[SourceVersion "1"]
[SourceVersionDate "2024.01.17"]
[SourceQuality "1"]

1. e4 c5 2. Nf3 Nc6 3. d4 cxd4 4. Nxd4 Nf6 5. Nc3 d6 6. f4 g6 7. Nf3 Bg7 8. Bd3 0-0 9. 0-0 a6 10. a4 Qa5 11. Kh1 Nb4 12. Qe1 Nxd3 13. cxd3 Qb4 14. Rb1 Bg4 15. Bd2 Qc5 16. Rc1 Bxf3 17. Rxf3 Qd4 18. Qh4 h5 19. f5 Ng4 20. h3 Ne5 21. Rg3 Nxd3 22. Be3 Qe5 23. Rd1 Nxb2 24. Bd4 Bf6 25. Rg5 Bxg5 26. Qxg5 Qa5 27. Nd5 Rae8 28. fxg6 e5 29. gxf7+ Kxf7 30. Rf1+ Ke6 31. Rxf8 Qe1+ 32. Kh2 Qxe4 33. Rxe8+ Kxd5 34. Bxb2 Qxa4 35. Bxe5 Qxe8 36. Bg3+ Kc6 37. Qf6 Qd7 38. Qc3+ Kb5 39. Qd3+ Kc6 40. Qf3+ d5 41. Qxh5 a5 42. Qg6+ Kb5 43. Qb1+ Ka6 44. Bf2 d4 45. Qd3+ b5 46. Qxd4 Qc7+ 47. g3 b4 48. Qd3+ Kb7 49. h4 Qc6 50. h5 a4 51. Qh7+ Ka6 52. Qg6 1-0

[Event "Titled Tuesday intern op 12th Dec Early"]
[Site "Chess.com INT"]
[Date "2023.12.12"]
[Round "8"]
[White "Nguyen, Ngoc Truong Son"]
[Black "Novozhilov, Semen"]
[Result "1/2-1/2"]
[WhiteElo "2633"]
[BlackElo "2272"]
[PlyCount "87"]
[EventDate "2023.12.12"]
[EventType "swiss (blitz)"]
[EventRounds "11"]
[EventCountry "USA"]
[SourceTitle "CB51_2023"]
[SourceDate "2023.12.20"]
[SourceVersion "1"]
[SourceVersionDate "2023.12.20"]
[SourceQuality "1"]

1. d4 Nf6 2. c4 e6 3. Nc3 Bb4 4. e3 0-0 5. Bd2 c5 6. a3 Bxc3 7. Bxc3 Ne4 8. Rc1 d5 9. dxc5 dxc4 10. Qxd8 Rxd8 11. Bxc4 Nxc5 12. b4 Ne4 13. Nf3 Nxc3 14. Rxc3 b6 15. Ke2 Bb7 16. Rhc1 a5 17. Bb5 axb4 18. axb4 Na6 19. Rb1 Rac8 20. Rxc8 Rxc8 21. Ne1 Nc7 22. Bc4 Nd5 23. Bxd5 Bxd5 24. f3 f5 25. Rb2 Rc3 26. Kd2 Ra3 27. Nc2 Ra8 28. Rb1 Kf7 29. Ra1 Rxa1 30. Nxa1 e5 31. Nc2 Ke6 32. Ne1 g5 33. g3 f4 34. exf4 exf4 35. gxf4 gxf4 36. Kd3 Ke5 37. Kc3 Bc6 38. Nd3+ Kf5 39. Ne1 h5 40. h4 Ke5 41. Nd3+ Kf5 42. Ne1 Ke5 43. Nd3+ Kf5 44. Ne1 1/2-1/2

[Event "Titled Tuesday intern op 12th Dec Early"]
[Site "Chess.com INT"]
[Date "2023.12.12"]
[Round "9"]
[White "Novozhilov, Semen"]
[Black "Ashraf, Artin"]
[Result "1-0"]
[WhiteElo "2272"]
[BlackElo "2399"]
[PlyCount "83"]
[EventDate "2023.12.12"]
[EventType "swiss (blitz)"]
[EventRounds "11"]
[EventCountry "USA"]
[SourceTitle "CB51_2023"]
[SourceDate "2023.12.20"]
[SourceVersion "1"]
[SourceVersionDate "2023.12.20"]
[SourceQuality "1"]

1. d4 Nf6 2. Nf3 e6 3. e3 c5 4. Bd3 b6 5. 0-0 Bb7 6. b3 Nc6 7. Bb2 Rc8 8. c4 cxd4 9. exd4 d5 10. Nc3 Be7 11. Rc1 0-0 12. Qe2 Re8 13. Rfd1 Bf8 14. h3 g6 15. Qe3 Bg7 16. Na4 Ba6 17. Ne5 dxc4 18. bxc4 Nd7 19. Nxc6 Rxc6 20. Qf3 Rc7 21. Ba3 Bb7 22. Qg3 Nf6 23. Bd6 Rd7 24. c5 Nh5 25. Qe3 Bc6 26. Nc3 Rxd6 27. cxd6 Qxd6 28. Bb5 Bxb5 29. Nxb5 Qb4 30. Nc7 Rd8 31. d5 e5 32. a3 Qe7 33. Nb5 Nf4 34. g3 Nxd5 35. Qb3 Nf6 36. Rc7 Rxd1+ 37. Qxd1 Qe6 38. Qd8+ Bf8 39. Rc8 Nd7 40. g4 Kg7 41. Nc7 Qd6 42. Ne8+ 1-0

[Event "Titled Tuesday intern op 12th Dec Early"]
[Site "Chess.com INT"]
[Date "2023.12.12"]
[Round "3"]
[White "Novozhilov, Semen"]
[Black "Ivic, Velimir"]
[Result "1-0"]
[WhiteElo "2272"]
[BlackElo "2570"]
[PlyCount "115"]
[EventDate "2023.12.12"]
[EventType "swiss (blitz)"]
[EventRounds "11"]
[EventCountry "USA"]
[SourceTitle "CB51_2023"]
[SourceDate "2023.12.20"]
[SourceVersion "1"]
[SourceVersionDate "2023.12.20"]
[SourceQuality "1"]

1. d4 Nf6 2. Nf3 g6 3. Nc3 d5 4. Bf4 Bg7 5. Nb5 Na6 6. e3 0-0 7. Be2 Nh5 8. h4 c5 9. Be5 Nf6 10. dxc5 Bg4 11. Qd4 Bxf3 12. gxf3 Nb8 13. Bg3 Ne4 14. Qb4 Nc6 15. Qa3 Nxg3 16. fxg3 a6 17. Nc3 e6 18. 0-0-0 b5 19. cxb6 Qxb6 20. Na4 Qa5 21. Nc5 Qxa3 22. bxa3 Rfc8 23. Nxa6 Ne5 24. Bb5 Rc3 25. a4 Rxe3 26. f4 Nc4 27. Rd3 Re2 28. Rhd1 Rc8 29. Nb4 Nb2 30. R3d2 Re3 31. Rf1 Bc3 32. Rdf2 Nc4 33. Nd3 Rxg3 34. Rf3 Rg2 35. Ne1 Rh2 36. Rxc3 Kg7 37. Bxc4 dxc4 38. Nf3 Rg2 39. Ne5 f6 40. Rxc4 Rd8 41. Rc7+ Kg8 42. Nd7 Ra8 43. Nxf6+ Kf8 44. Nxh7+ Ke8 45. Nf6+ Kd8 46. Rd7+ Kc8 47. Rfd1 Rxa4 48. Rd8+ Kb7 49. R1d7+ Kc6 50. Rc8+ Kb6 51. Rd6+ Kb7 52. Rc3 Rxa2 53. Kb1 Ra4 54. Rxe6 Rxf4 55. Nd5 Rf7 56. Rb6+ Ka8 57. Ra3+ Ra7 58. Nc7# 1-0

[Event "Titled Tuesday intern op 12th Dec Early"]
[Site "Chess.com INT"]
[Date "2023.12.12"]
[Round "10"]
[White "Novozhilov, Semen"]
[Black "Materia, Marco"]
[Result "0-1"]
[WhiteElo "2272"]
[BlackElo "2426"]
[PlyCount "96"]
[EventDate "2023.12.12"]
[EventType "swiss (blitz)"]
[EventRounds "11"]
[EventCountry "USA"]
[SourceTitle "CB51_2023"]
[SourceDate "2023.12.20"]
[SourceVersion "1"]
[SourceVersionDate "2023.12.20"]
[SourceQuality "1"]

1. d4 Nf6 2. Nf3 d5 3. c4 e6 4. g3 Be7 5. Bg2 0-0 6. 0-0 Nbd7 7. Qc2 c6 8. Nbd2 b6 9. e4 dxe4 10. Nxe4 Bb7 11. Rd1 Qc8 12. Bf4 Nxe4 13. Qxe4 c5 14. d5 Bf6 15. Qc2 exd5 16. cxd5 Re8 17. Ng5 Nf8 18. Ne4 Qf5 19. Qc4 Be5 20. Nd6 Bxd6 21. Bxd6 Rad8 22. Bf4 Ng6 23. Bc7 Rc8 24. d6 Ne5 25. Bxb7 Nxc4 26. Bxc8 Rxc8 27. d7 Rd8 28. Bxd8 Ne5 29. Bxb6 Nxd7 30. Bxa7 h5 31. f4 h4 32. a4 Nf6 33. a5 hxg3 34. hxg3 Qg4 35. Rd8+ Kh7 36. Rd3 Qe2 37. Rad1 Ne4 38. a6 Nf2 39. R1d2 Qe1+ 40. Kg2 Nxd3 41. Rc2 Qd1 42. Rc3 Qe2+ 43. Kh3 Nf2+ 44. Kg2 Ne4+ 45. Kh3 Nxc3 46. bxc3 Qxa6 47. Bxc5 Qh6+ 48. Kg2 Qc6+ 0-1

[Event "Cheliabinsk Shusharin Memorial Rapid"]
[Site "Cheliabinsk"]
[Date "2023.11.15"]
[Round "4"]
[White "Suleymenov, Alisher"]
[Black "Novozhilov, Semen"]
[Result "0-1"]
[WhiteElo "2508"]
[BlackElo "2272"]
[PlyCount "70"]
[EventDate "2023.11.15"]
[EventType "swiss (rapid)"]
[EventRounds "11"]
[EventCountry "RUS"]
[SourceTitle "CB47_2023"]
[SourceDate "2023.11.22"]
[SourceVersion "1"]
[SourceVersionDate "2023.11.22"]
[SourceQuality "1"]

1. d4 Nf6 2. c4 e6 3. Nf3 d5 4. g3 dxc4 5. Bg2 Nc6 6. Qa4 Bb4+ 7. Bd2 Nd5 8. Bxb4 Ndxb4 9. Nc3 Bd7 10. 0-0 a5 11. Nb5 Ra6 12. a3 Na7 13. axb4 Bxb5 14. Qa3 Qd6 15. bxa5 Qxa3 16. Rxa3 Nc6 17. Rfa1 Ke7 18. e3 Rha8 19. Ne5 Nxa5 20. Rc3 f6 21. Nf3 Nb3 22. Rxa6 Bxa6 23. Ne1 Rd8 24. Nc2 c5 25. Bf1 cxd4 26. exd4 b5 27. Bg2 Nxd4 28. Nxd4 Rxd4 29. Ra3 Rd6 30. Be4 f5 31. Bf3 b4 32. Ra5 c3 33. bxc3 b3 34. Ra1 b2 35. Rb1 Rb6 0-1

[Event "RUS-ch Blitz"]
[Site "Sochi"]
[Date "2023.10.14"]
[Round "13"]
[White "Novozhilov, Semen"]
[Black "Drygalov, Andrey"]
[Result "1-0"]
[WhiteElo "2272"]
[BlackElo "2475"]
[PlyCount "87"]
[EventDate "2023.10.14"]
[EventType "swiss (blitz)"]
[EventRounds "13"]
[EventCountry "RUS"]
[SourceTitle "Mega2024 Update 01"]
[Source "Chessbase"]
[SourceDate "2023.11.12"]
[SourceVersion "1"]
[SourceVersionDate "2023.11.12"]
[SourceQuality "1"]

1. d4 d5 2. c4 c6 3. cxd5 cxd5 4. Bg5 Nc6 5. Nc3 h6 6. Bh4 g5 7. Bg3 Nf6 8. e3 Bg7 9. Bd3 0-0 10. Nf3 Nh5 11. Nxg5 Nxg3 12. hxg3 f5 13. Nf3 e6 14. 0-0 Bd7 15. Rc1 Be8 16. Qb3 Qe7 17. Na4 Na5 18. Qc2 b6 19. Ne5 Bxe5 20. dxe5 Qg5 21. b4 Nb7 22. Nb2 Nd8 23. Ba6 Qe7 24. Nd3 Nc6 25. a3 Rd8 26. Rfd1 d4 27. Bb5 Nxb4 28. Nxb4 Bxb5 29. exd4 a5 30. Nc6 Bxc6 31. Qxc6 Rb8 32. a4 Rfd8 33. d5 exd5 34. Qg6+ Qg7 35. Qxf5 Qf7 36. Qg4+ Qg7 37. Qe6+ Kh8 38. Rxd5 Re8 39. Qf5 Rf8 40. Qe4 Qf7 41. Rc2 Qh5 42. g4 Qg5 43. e6 Qf6 44. Rd7 1-0

[Event "RUS-ch Blitz"]
[Site "Sochi"]
[Date "2023.10.14"]
[Round "2"]
[White "Pridorozhni, Aleksei"]
[Black "Novozhilov, Semen"]
[Result "1-0"]
[WhiteElo "2486"]
[BlackElo "2272"]
[PlyCount "61"]
[EventDate "2023.10.14"]
[EventType "swiss (blitz)"]
[EventRounds "13"]
[EventCountry "RUS"]
[SourceTitle "Mega2024 Update 01"]
[Source "Chessbase"]
[SourceDate "2023.11.12"]
[SourceVersion "1"]
[SourceVersionDate "2023.11.12"]
[SourceQuality "1"]

1. e4 c5 2. Nc3 Nc6 3. Bb5 Nd4 4. Nf3 g6 5. Nxd4 cxd4 6. Ne2 Bg7 7. c3 e5 8. cxd4 exd4 9. 0-0 Ne7 10. Nf4 0-0 11. Bc4 b6 12. d3 Bb7 13. Qb3 Rc8 14. Bd2 a5 15. Rac1 Rc5 16. Rfe1 d5 17. Bxd5 Bxd5 18. Nxd5 Nxd5 19. Rxc5 bxc5 20. Qxd5 Qb6 21. b3 Rd8 22. Qc4 Qc7 23. f4 h5 24. Rf1 Ra8 25. f5 Kh7 26. Bg5 Qc6 27. fxg6+ fxg6 28. Rf7 a4 29. e5 Kh8 30. Bf6 Bxf6 31. exf6 1-0

[Event "Titled Tuesday intern op 05th Sep Early"]
[Site "Chess.com INT"]
[Date "2023.09.05"]
[Round "1"]
[White "Ghosh, Chanchal Kumer"]
[Black "Novozhilov, Semen"]
[Result "0-1"]
[WhiteElo "2026"]
[BlackElo "2272"]
[PlyCount "84"]
[EventDate "2023.09.05"]
[EventType "swiss (blitz)"]
[EventRounds "11"]
[EventCountry "USA"]
[SourceTitle "EXT 2024"]
[Source "ChessBase"]
[SourceDate "2023.10.10"]
[SourceVersion "1"]
[SourceVersionDate "2023.10.10"]
[SourceQuality "1"]

1. e4 e6 2. Nf3 d5 3. Nc3 Nf6 4. e5 Nfd7 5. d4 c5 6. Bg5 Qb6 7. dxc5 Bxc5 8. Qd2 h6 9. Bh4 g5 10. Bg3 Be7 11. Bb5 Nc6 12. 0-0 0-0 13. h4 d4 14. Bd3 dxc3 15. bxc3 Qd8 16. hxg5 hxg5 17. Qe2 Nc5 18. Rad1 Bd7 19. Nh2 Kg7 20. Ng4 Rc8 21. Be4 Qa5 22. Nf6 Bxf6 23. exf6+ Kxf6 24. Bxc6 Bxc6 25. Be5+ Kg6 26. f4 Ne4 27. fxg5 Qxe5 28. Rf3 Qc5+ 29. Re3 Rcd8 30. Rd4 Rxd4 31. cxd4 Qxd4 32. c3 Qd5 33. Qf3 Nxg5 34. Qg3 Rd8 35. Re5 Qxg2+ 36. Qxg2 Bxg2 37. Kxg2 Rd2+ 38. Kg3 Rxa2 39. Rb5 b6 40. c4 Ne4+ 41. Kf4 Nc5 42. Rb1 Kf6 0-1

[Event "Titled Tuesday intern op 05th Sep Early"]
[Site "Chess.com INT"]
[Date "2023.09.05"]
[Round "8"]
[White "Herman, Matthew J"]
[Black "Novozhilov, Semen"]
[Result "1-0"]
[WhiteElo "2383"]
[BlackElo "2272"]
[PlyCount "53"]
[EventDate "2023.09.05"]
[EventType "swiss (blitz)"]
[EventRounds "11"]
[EventCountry "USA"]
[SourceTitle "EXT 2024"]
[Source "ChessBase"]
[SourceDate "2023.10.10"]
[SourceVersion "1"]
[SourceVersionDate "2023.10.10"]
[SourceQuality "1"]

1. e4 e6 2. d4 d5 3. e5 c5 4. c3 Nc6 5. Nf3 Nge7 6. Bd3 cxd4 7. 0-0 Nf5 8. Re1 Be7 9. g4 Nh4 10. Nxd4 0-0 11. f4 Qb6 12. Kh1 Nxd4 13. cxd4 f5 14. gxf5 Nxf5 15. Bxf5 Rxf5 16. Nc3 Bd7 17. Rg1 Raf8 18. Rg2 Kh8 19. Be3 a5 20. a3 Qd8 21. Qg4 R8f7 22. Rag1 b5 23. Ne2 b4 24. Ng3 bxa3 25. Nxf5 exf5 26. Qh5 a2 27. Qxf7 1-0

[Event "Titled Tuesday intern op 05th Sep Early"]
[Site "Chess.com INT"]
[Date "2023.09.05"]
[Round "7"]
[White "Novozhilov, Semen"]
[Black "Molina, Roberto Junio Brito"]
[Result "0-1"]
[WhiteElo "2272"]
[BlackElo "2381"]
[PlyCount "123"]
[EventDate "2023.09.05"]
[EventType "swiss (blitz)"]
[EventRounds "11"]
[EventCountry "USA"]
[SourceTitle "EXT 2024"]
[Source "ChessBase"]
[SourceDate "2023.10.10"]
[SourceVersion "1"]
[SourceVersionDate "2023.10.10"]
[SourceQuality "1"]

1. d4 d5 2. c4 c6 3. cxd5 cxd5 4. Bg5 h6 5. Bh4 Qb6 6. Qd2 Nc6 7. e3 Bf5 8. Nc3 e6 9. Nf3 Be7 10. Be2 Bxh4 11. Nxh4 Bh7 12. 0-0 Nf6 13. Bd3 Bxd3 14. Qxd3 0-0 15. Qe2 Rac8 16. f4 Rfe8 17. Nf3 Na5 18. Rac1 Nc4 19. b3 Nd6 20. Ne5 Qa5 21. Na4 Nfe4 22. Qd3 f6 23. Nf3 Qb5 24. Qxb5 Nxb5 25. g4 b6 26. h4 Kf7 27. Kh2 Ke7 28. Kg2 Na3 29. g5 h5 30. Rfd1 Nc2 31. Kh2 Nxe3 32. Rg1 Nf5 33. Nb2 Kd7 34. Nd3 Rc3 35. Rxc3 Nxc3 36. gxf6 gxf6 37. Nf2 Rc8 38. Rg6 Ke7 39. Rg2 Nxa2 40. Nd3 Nc1 41. Nxc1 Rxc1 42. Ra2 a5 43. Rb2 Rc3 44. Kg2 Kd6 45. Kf2 Kc6 46. Rb1 Kd6 47. Rb2 b5 48. Rb1 Kd7 49. Rb2 Rc1 50. Ra2 Rc3 51. Rxa5 Rxb3 52. Ra7+ Ke8 53. Rh7 Kf8 54. Rxh5 Kg7 55. Nh2 Nxd4 56. Ng4 Nf5 57. Nh2 Rb2+ 58. Kg1 Rxh2 59. Kxh2 b4 60. Rxf5 exf5 61. h5 b3 62. Kg3 0-1

[Event "Titled Tuesday intern op 29th Aug Early"]
[Site "Chess.com INT"]
[Date "2023.08.29"]
[Round "8"]
[White "Goryachkina, Aleksandra"]
[Black "Novozhilov, Semen"]
[Result "1/2-1/2"]
[WhiteElo "2557"]
[BlackElo "2301"]
[PlyCount "59"]
[EventDate "2023.08.29"]
[EventType "swiss (blitz)"]
[EventRounds "11"]
[EventCountry "USA"]
[SourceTitle "EXT 2024"]
[Source "ChessBase"]
[SourceDate "2023.10.10"]
[SourceVersion "1"]
[SourceVersionDate "2023.10.10"]
[SourceQuality "1"]

1. e4 c5 2. Nf3 Nc6 3. Bb5 g6 4. 0-0 Bg7 5. Re1 Nf6 6. c3 0-0 7. d4 d5 8. e5 Ne4 9. h3 h5 10. Nbd2 Nxd2 11. Bxd2 Qb6 12. Bxc6 bxc6 13. Qc1 c4 14. Bg5 Re8 15. Re2 Bf5 16. Qd2 a5 17. Rae1 a4 18. a3 Bd3 19. Bh6 Bxe2 20. Rxe2 Qb3 21. Kh2 Rab8 22. Bxg7 Kxg7 23. Nh4 f6 24. Qe3 Qd1 25. Qg3 Qd3 26. Re3 Qc2 27. Re2 Qb1 28. Re1 Qc2 29. Re2 Qd3 30. Re3 1/2-1/2

[Event "Titled Tuesday intern op 29th Aug Early"]
[Site "Chess.com INT"]
[Date "2023.08.29"]
[Round "9"]
[White "Novozhilov, Semen"]
[Black "Omelja, Artem"]
[Result "1/2-1/2"]
[WhiteElo "2301"]
[BlackElo "2435"]
[PlyCount "167"]
[EventDate "2023.08.29"]
[EventType "swiss (blitz)"]
[EventRounds "11"]
[EventCountry "USA"]
[SourceTitle "EXT 2024"]
[Source "ChessBase"]
[SourceDate "2023.10.10"]
[SourceVersion "1"]
[SourceVersionDate "2023.10.10"]
[SourceQuality "1"]

1. d4 Nf6 2. Nf3 e6 3. e3 b6 4. Bd3 Bb7 5. 0-0 Be7 6. b3 0-0 7. Bb2 Ne4 8. c4 d6 9. Nbd2 f5 10. Ne1 Nd7 11. f3 Nxd2 12. Qxd2 Bf6 13. e4 fxe4 14. fxe4 c5 15. Nf3 Qc7 16. d5 exd5 17. cxd5 Rae8 18. Rae1 Bc8 19. Bb5 Re7 20. Ng5 Ne5 21. Rf2 a6 22. Be2 b5 23. Ref1 c4 24. Ne6 Bxe6 25. dxe6 cxb3 26. axb3 Rxe6 27. Qd5 Qf7 28. g4 h6 29. h4 Re7 30. g5 Qxd5 31. exd5 hxg5 32. hxg5 Ref7 33. gxf6 gxf6 34. Rg2+ Rg7 35. Rxg7+ Kxg7 36. Bxe5 dxe5 37. Bg4 Rd8 38. Be6 a5 39. Ra1 Ra8 40. d6 Kf8 41. Kf2 Ra6 42. Rd1 Ke8 43. Ke3 a4 44. bxa4 bxa4 45. Ke4 a3 46. Kd5 a2 47. Ra1 Kd8 48. Kc5 e4 49. Bc4 Ra5+ 50. Kc6 Ra4 51. Bb5 Ra3 52. Bc4 Rc3 53. Kd5 Rc2 54. Bxa2 Rd2+ 55. Ke6 e3 56. Rh1 Kc8 57. Bc4 e2 58. Re1 Rd4 59. Ba6+ Kd8 60. Rxe2 f5 61. Ke5 Ra4 62. Bc4 Rxc4 63. Kxf5 Rd4 64. Ke5 Rd1 65. Ke6 Rd3 66. Re5 Rd1 67. Ra5 Re1+ 68. Kf7 Rf1+ 69. Ke6 Re1+ 70. Kd5 Rd1+ 71. Kc6 Rc1+ 72. Rc5 Rxc5+ 73. Kxc5 Kd7 74. Kd5 Kd8 75. Kc6 Kc8 76. Kc5 Kd7 77. Kd5 Kd8 78. Ke4 Kd7 79. Ke5 Kd8 80. Kd5 Kd7 81. Kc5 Kd8 82. Kc6 Kc8 83. d7+ Kd8 84. Kd6 1/2-1/2

[Event "Titled Tuesday intern op 29th Aug Early"]
[Site "Chess.com INT"]
[Date "2023.08.29"]
[Round "1"]
[White "Van Foreest, Jorden"]
[Black "Novozhilov, Semen"]
[Result "1-0"]
[WhiteElo "2697"]
[BlackElo "2301"]
[PlyCount "109"]
[EventDate "2023.08.29"]
[EventType "swiss (blitz)"]
[EventRounds "11"]
[EventCountry "USA"]
[SourceTitle "EXT 2024"]
[Source "ChessBase"]
[SourceDate "2023.10.10"]
[SourceVersion "1"]
[SourceVersionDate "2023.10.10"]
[SourceQuality "1"]

1. c4 c5 2. Nf3 Nc6 3. Nc3 d6 4. d4 cxd4 5. Nxd4 Nf6 6. g3 Bd7 7. Bg2 Nxd4 8. Qxd4 Bc6 9. e4 e6 10. 0-0 Be7 11. b3 0-0 12. Bb2 Qd7 13. Rad1 Rfd8 14. h3 Ne8 15. Qe3 Nc7 16. Rd2 b5 17. c5 d5 18. exd5 exd5 19. Rfd1 Qe6 20. Qf4 Rac8 21. b4 Bf6 22. Ne2 Bxb2 23. Rxb2 Qg6 24. Nd4 Ne6 25. Qg4 Qxg4 26. hxg4 Nxd4 27. Rxd4 Rc7 28. Rbd2 Rcd7 29. g5 a5 30. bxa5 Kf8 31. f4 Ke7 32. Re2+ Kf8 33. Re3 Ra7 34. Ra3 Ke7 35. Kf2 f5 36. Ke3 g6 37. Rd2 Ke6 38. Kd4 Rda8 39. Re2+ Kd7 40. Rae3 Rxa5 41. Re7+ Kd8 42. Rxh7 Ra4+ 43. Ke5 Rxa2 44. Rxa2 Rxa2 45. Kd6 Rxg2 46. Kxc6 d4 47. Kd6 Kc8 48. c6 Kb8 49. Rh8+ Ka7 50. c7 Rc2 51. c8Q Rxc8 52. Rxc8 Kb6 53. Rb8+ Ka5 54. Kc5 d3 55. Ra8# 1-0